1852 1885 1901 1011 1716 1104 1264 1186 1061 1670 1830 1032 1289 1432 1485 1413 1816 1347 1583 1005 1760 1285 1958 1512 1048 1803 1167 1512 1802 1369 1154 1624 1079 1686 1328 1961 1801 1111 1719 1777 1806 1645 1415 1430 1101 1504 1581 1225 1097 1322 1603 1514 1529 1161 1249 1014 1519 1028 1817 1151 1256 1173 1783 1498 1310 1306 1103 1316 1447 1881 1416 1752 1554 1869 1237 1288 1675 1331 1862 1337 1650 1085 1465 1386 1879 1608 1161 1229 1138 1086 1118 1871 1837 1251 1030 1870 1231 1433 1356 BCNSPRNW ULIB Ver.6.0+V

เปลี่ยนเป็นภาษาไทย

Change to English
 แสดงรายละเอียดบรรณานุกรม
  กลับหน้าหลัก

Brief Record : Get Marc (ISO 2709) : E-mail record : QR code < ปิดหน้าต่าง
LEADER : 00000nam 2200000uu 4500
001    13399124866
003     ULIB
008    160420s2558||||th 000 0 tha d
020    ^a9786162796319
060 04 ^aWM100^bจ464
245 00 ^aจิตเวช ศิริราช DSM-5 /^cภาควิชาจิตเวชศาสตร์ คณะแพทยศาสตร์ศิริราชพยาบาล มหาวิทยาลัยมหิดล
260    ^aกรุงเทพฯ :^bมหาวิทยาลัยมหิดล,^c2558
300    ^a(20), 745 หน้า ;^c25 ซม.
650  2 ^aPsychiatry
650  4 ^aจิตเวชศาสตร์
653    ^aผลงานอาจารย์คณะแพทยศาสตร์ศิริราชพยาบาล
700 0  นันทวัช สิทธิรักษ์,^eบรรณาธิการ
700 0  กมลเนตร วรรณเสวก,^eบรรณาธิการ
700 0  กมลพร วรรณฤทธิ์,^eบรรณาธิการ
700 0  ปเนต ผู้กฤตยาคามี,,^eบรรณาธิการ
700 0  สุพร อภินันทเวช,^eบรรณาธิการ
700 0  พนม เกตุมาน,^eบรรณาธิการ
710 2  ^aมหาวิทยาลัยมหิดล.^bคณะแพทยศาสตร์ศิริราชพยาบาล.^bภาควิชาจิตเวชศาสตร์
945    ^p450^l0^i000642
945    ^p450^l0^i000643
945    ^p450^l0^i000644
945    ^p450^l0^i000645
945    ^p450^l0^i000646
945    ^p450^l0^i000647
945    ^p450^l0^i000648
999    ^aเกษร โพธิ์สุวรรณ
รายการนี้ยังไม่มีแท็ก
คุณยังไม่ได้ล็อกอิน คุณสามารถมีกิจกรรมร่วมกับเว็บไซต์ได้ แต่ต้องล็อกอินก่อน ::
  ล็อกอิน

รายการสื่อสารสนเทศ

ลำดับที่ ประเภท เลขเรียก/บาร์โค้ด สถานที่ สถานะ
1. วิทยาศาสตร์การแพทย์ และสุขภาพ
วิทยาศาสตร์การแพทย์ และสุขภาพ
สถานะ=หนังสือเก่า
WM100 จ464 ฉ.1 
  Barcode: 000642
ห้องสมุดวิทยาเขตสวรรค์ประชารักษ์
►ส่วนจัดเก็บหนังสือเก่า สปร
บนชั้น
  ขอยืม
2. วิทยาศาสตร์การแพทย์ และสุขภาพ
วิทยาศาสตร์การแพทย์ และสุขภาพ
สถานะ=หนังสือเก่า
WM100 จ464 ฉ.2 
  Barcode: 000643
ห้องสมุดวิทยาเขตสวรรค์ประชารักษ์
►ส่วนจัดเก็บหนังสือเก่า สปร
บนชั้น
  ขอยืม
3. วิทยาศาสตร์การแพทย์ และสุขภาพ
วิทยาศาสตร์การแพทย์ และสุขภาพ
สถานะ=หนังสือเก่า
WM100 จ464 ฉ.3 
  Barcode: 000644
ห้องสมุดวิทยาเขตสวรรค์ประชารักษ์
►ส่วนจัดเก็บหนังสือเก่า สปร
บนชั้น
  ขอยืม
4. วิทยาศาสตร์การแพทย์ และสุขภาพ
วิทยาศาสตร์การแพทย์ และสุขภาพ
สถานะ=หนังสือเก่า
WM100 จ464 ฉ.4 
  Barcode: 000645
ห้องสมุดวิทยาเขตสวรรค์ประชารักษ์
►ส่วนจัดเก็บหนังสือเก่า สปร
บนชั้น
  ขอยืม
5. วิทยาศาสตร์การแพทย์ และสุขภาพ
วิทยาศาสตร์การแพทย์ และสุขภาพ
สถานะ=หนังสือเก่า
WM100 จ464 ฉ.5 
  Barcode: 000646
ห้องสมุดวิทยาเขตสวรรค์ประชารักษ์
►ส่วนจัดเก็บหนังสือเก่า สปร
บนชั้น
  ขอยืม
6. วิทยาศาสตร์การแพทย์ และสุขภาพ
วิทยาศาสตร์การแพทย์ และสุขภาพ
สถานะ=หนังสือเก่า
WM100 จ464 ฉ.6 
  Barcode: 000647
ห้องสมุดวิทยาเขตสวรรค์ประชารักษ์
►ส่วนจัดเก็บหนังสือเก่า สปร
บนชั้น
  ขอยืม
7. วิทยาศาสตร์การแพทย์ และสุขภาพ
วิทยาศาสตร์การแพทย์ และสุขภาพ
WM100 จ464 ฉ.7 
  Barcode: 000648
ห้องสมุดวิทยาเขตสวรรค์ประชารักษ์
►หนังสือทั่วไป
ถูกยืม กำหนดส่งวันที่ 7 มีนาคม 2565
  จอง

รายการใกล้เคียง
    หัวเรื่อง [Psychiatry]
    หัวเรื่อง [จิตเวชศาสตร์]

BibComment


ยังไม่เคยถูกคอมเมนท์

คอมเมนท์ทรัพยากรรายการนี้
  คอมเมนท์: จิตเวช ศิริราช D..


 Copyright 2026. Bcnsprnw @Library